000 00399nam a2200169Ia 4500
001 7101
003 IN-NITTTR
005 20251114233025.0
008 251113s9999||||xx |||||||||||||| ||eng||
040 _beng
040 _cIN-NITTTR
041 _aeng
082 _a658 L698P
100 _aListon, David J.
245 4 _aThe purpose and practice of management /
_cListon, David J.
942 _2ddc
_cBK
999 _c9739
_d9739